| 000 | 00569nam a2200181Ia 4500 | ||
|---|---|---|---|
| 003 | GCL | ||
| 008 | 140319s9999 xx 000 0 ara d | ||
| 040 |
_aGCL / _cGCL |
||
| 082 | 0 | 4 |
_a070 _bس ص |
| 100 | 1 | _aسلامة موسى | |
| 245 | 1 | 0 |
_aالصحافة: حرفه ورسالة(هدية من عبدالفتاح الجمل) / _cسلامة موسى |
| 300 | _a119 | ||
| 490 |
_aالهيئة العامة للاستعلامات _v0 |
||
| 650 | 0 | 4 | _aالصحافة المصرية |
| 650 | 0 | 4 | _aالصحافة |
| 650 | 0 | 4 | _aالصحافة - مهنة |
| 942 |
_2ddc _cBK |
||
| 999 |
_c46846 _d46846 |
||